000 00751nam a2200229 i 4500
001 bg
100 1 _aFIGURA, Dariusz
245 1 0 _aObiektowe bazy danych /
_cDariusz Figura.
260 _aWarszawa :
_bAkademicka Oficyna Wydawnicza PLJ,
_c1996.
300 _a201 s. :
_brys. ;
_c24 cm.
490 1 _aProblemy Współczesnej Nauki, Teoria i Zastosowania / ed. serii Leonard Bolc. Informatyka
504 _aBibliogr. s. 195-201.
650 9 _aBaza danych
_xteoria
830 0 _aProblemy Współczesnej Nauki, Teoria i Zastosowania (ed. serii Leonard Bolc).
_pInformatyka
020 _a8371013361
040 _cBPK
041 0 _apl
080 _a004.652
920 _a83-7101-336-1
942 _cKS
008 s pl f |000 0 pol
999 _c34485
_d34485
856 _uhttp://koha.tu.koszalin.pl/cgi-bin/koha/opac-detail.pl?biblionumber=34485
_yKatalog online BPK